| 000 | 00871nam a2200229Ia 4500 | ||
|---|---|---|---|
| 003 | GCL | ||
| 008 | 140319s9999 xx 000 0 ara d | ||
| 040 |
_aGCL / _cGCL |
||
| 082 | 0 | 4 |
_a301.1552 _bا م |
| 100 | 1 | _aمركز دراسات الوحدة العربية | |
| 245 | 1 | 0 |
_aالمعرفة والسلطة فى المجتمع العربى, الاكادميون العرب والسلطة / _cمركز دراسات الوحدة العربية |
| 700 | 1 | _aمحمد صبور | |
| 260 |
_a[S.N] : _bمركز دراسات الوحدة العربية ، _c1992 |
||
| 300 | _a259 ص | ||
| 490 |
_aسلسلة اطروحات الدكتوراة _v0 |
||
| 650 | 0 | 4 | _aالعالم العربى |
| 650 | 0 | 4 | _aتاريخ |
| 650 | 0 | 4 | _aالاحوال السياسية |
| 650 | 0 | 4 | _aمقالات ومحاضرات |
| 650 | 0 | 4 | _aالقومية العربية |
| 942 |
_2ddc _cBK |
||
| 999 |
_c29199 _d29199 |
||